000 00624nam a22001457a 4500
005 20251108165408.0
008 250721s1996 xx 000 0 ara d
082 1 4 _aم/016.219/مجم
245 1 0 _aالفهرس الشامل للتراث العربي الإسلامي المخطوط :
_bالسيرة و المدائح النبوية /
264 1 _aعمان :
_bالمجمع،
_c1996.
650 1 7 _aالسيره النبويهفهارسالمخطوطات العربيهالمدائح النبويه
710 2 _aالمجمع الملكي لبحوث الحضاره الاسلاميه
942 _2ddc
_cREF
999 _c26883
_d26883